[Event "22. Copenhagen Open  (Politiken Cup)"]
[Site "Copenhagen"]
[Date "2000.07.19"]
[Round "3"]
[White "Rasmussen, Uffe"]
[Black "El Kher, Henrik"]
[Result "0-1"]
[WhiteElo "1884"]
[BlackElo "2374"]
[PlyCount "52"]
[EventDate "2000.07.17"]
[EventType "swiss"]
[EventRounds "11"]
[EventCountry "DEN"]
[SourceDate "2004.01.01"]

1. e4 c5 2. Nc3 Nc6 3. f4 g6 4. Nf3 Bg7 5. Bc4 e6 6. f5 Nge7 7. fxe6 dxe6 8. d3
O-O 9. O-O Na5 10. Qe1 Nxc4 11. dxc4 Nc6 12. e5 Nxe5 13. Be3 Nxf3+ 14. Rxf3 b6
15. Rd1 Qe7 16. Rh3 Bb7 17. Qg3 Rad8 18. Bh6 Rxd1+ 19. Nxd1 Rd8 20. Ne3 Qd6 21.
Qh4 Qd4 22. g4 Bf6 23. Bg5 Bxg5 24. Qxg5 f6 25. Qh6 Rd7 26. c3 Qe4 0-1

[Event "22. Copenhagen Open  (Politiken Cup)"]
[Site "Copenhagen"]
[Date "2000.07.19"]
[Round "3"]
[White "Romsdal, Trond"]
[Black "Nicolaisen, Jeppe"]
[Result "1-0"]
[WhiteElo "2222"]
[BlackElo "2040"]
[PlyCount "61"]
[EventDate "2000.07.17"]
[EventType "swiss"]
[EventRounds "11"]
[EventCountry "DEN"]
[SourceDate "2004.01.01"]

1. d4 d5 2. c4 Nc6 3. cxd5 Qxd5 4. Nf3 e5 5. Nc3 Bb4 6. e3 Nge7 7. Be2 exd4 8.
exd4 O-O 9. O-O Bxc3 10. bxc3 Bf5 11. c4 Qe4 12. Re1 Rfe8 13. Ba3 Ng6 14. Rc1
Rad8 15. d5 Nce5 16. Nd4 Nh4 17. Bf1 Qxd4 18. Qxd4 Nef3+ 19. gxf3 Nxf3+ 20. Kg2
Nxd4 21. Bb2 Nc2 22. Red1 Rd6 23. h3 Nb4 24. Kh2 Rh6 25. c5 Re4 26. d6 cxd6 27.
cxd6 Re8 28. d7 Rd8 29. Rc8 Nc6 30. Bg2 Bxd7 31. Rxd8+ 1-0

[Event "22. Copenhagen Open  (Politiken Cup)"]
[Site "Copenhagen"]
[Date "2000.07.19"]
[Round "3"]
[White "Roder, Peter Ulrik"]
[Black "Grubert, Christian"]
[Result "1-0"]
[WhiteElo "2167"]
[BlackElo "2060"]
[Annotator "Peter Rder"]
[PlyCount "53"]
[EventDate "2000.07.17"]
[EventType "swiss"]
[EventRounds "11"]
[EventCountry "DEN"]
[SourceDate "2004.01.01"]

1. d4 d6 2. c4 g6 3. Nc3 Bg7 4. e4 Nf6 5. Be2 O-O 6. Bg5 c5 7. d5 Qa5 8. Qd2 a6
9. f3 Re8 10. Bh6 Bh8 11. h4 Nh5 {Dette er en fejl. Bedre chancer for modspil
var e6 eller b5} 12. g4 Ng3 13. Rh3 Nxe2 14. Ngxe2 b5 15. h5 Nd7 16. hxg6 fxg6
17. f4 $1 {forhindrer Ne5, og den mest effektive mde, at fortstte angrebet
p.} Nb6 18. cxb5 Bxg4 $2 {g-linien vinder for hvid} 19. Rg3 Nc4 20. Qc1 Bxe2
21. Kxe2 axb5 (21... e6 $1 {havde givet modspil imod den hvide konge, der i
partiet str helt sikkert p e2}) 22. f5 Ne5 23. fxg6 hxg6 {[#]} 24. Rxg6+ $3
{vinder i alle varianter. Dette trk ventede jeg p siden 18.-, Bxg4} Nxg6
25. Qg5 Kf7 $2 {nu er der mat i 3.} (25... Kh7 {taber til} 26. Rh1 Bg7 27.
Bxg7+ Kxg7 28. Rh6 {og gevinst i alle varianter}) 26. Qf5+ Bf6 27. Qe6# 1-0

[Event "22. Copenhagen Open  (Politiken Cup)"]
[Site "Copenhagen"]
[Date "2000.07.19"]
[Round "3"]
[White "Ronsted, Torben"]
[Black "Howe, Dennis"]
[Result "0-1"]
[WhiteElo "2114"]
[BlackElo "2015"]
[PlyCount "66"]
[EventDate "2000.07.17"]
[EventType "swiss"]
[EventRounds "11"]
[EventCountry "DEN"]
[SourceDate "2004.01.01"]

1. d4 d5 2. c4 e6 3. Nc3 f5 4. cxd5 exd5 5. Bf4 c6 6. Nf3 Nf6 7. e3 Bd6 8. Bd3
O-O 9. Qc2 Ne4 10. Bxd6 Qxd6 11. g4 fxg4 12. Bxe4 dxe4 13. Nd2 Qg6 14. Qb3+ Kh8
15. Ndxe4 Bf5 16. Ng3 Nd7 17. Nce2 Be6 18. Qxb7 Rab8 19. Qxc6 Rxb2 20. O-O Rc2
21. Qd6 Qf7 22. Nf4 Bc4 23. Rfc1 Rxc1+ 24. Rxc1 g5 25. Ng2 Qxf2+ $11 26. Kh1
Bf1 27. Nh4 gxh4 28. Nxf1 $11 Qf3+ 29. Kg1 Qf2+ 30. Kh1 Qf3+ 31. Kg1 h3 32. Qc6
Qf2+ 33. Kh1 Qxf1+ 0-1

[Event "22. Copenhagen Open  (Politiken Cup)"]
[Site "Copenhagen"]
[Date "2000.07.19"]
[Round "3"]
[White "Schandorff, Lars"]
[Black "Resika, Nathan A"]
[Result "1-0"]
[WhiteElo "2520"]
[BlackElo "2267"]
[PlyCount "87"]
[EventDate "2000.07.17"]
[EventType "swiss"]
[EventRounds "11"]
[EventCountry "DEN"]
[SourceDate "2004.01.01"]

1. c4 g6 2. g3 Bg7 3. Bg2 e5 4. Nc3 d6 5. e4 Be6 6. d3 Qd7 7. h3 c6 8. Nge2 Ne7
9. b3 O-O 10. Be3 f5 11. Qd2 Na6 12. d4 fxe4 13. d5 cxd5 14. cxd5 Bf7 15. Bxe4
Nf5 16. Bg2 Nxe3 17. Qxe3 e4 18. O-O Rae8 19. Rad1 Re5 20. Nxe4 Rfe8 21. N2c3
Nc5 22. Qf4 Nxe4 23. Nxe4 Qe7 24. Nc3 a6 25. h4 Rf5 26. Qd2 Re5 27. Qd3 g5 28.
hxg5 Bg6 29. Qd2 Rxg5 30. Rde1 Re5 31. Rxe5 Qxe5 32. Rc1 Rc8 33. Ne2 Rxc1+ 34.
Nxc1 Qa1 35. Kh2 Qb2 36. Qe3 Be5 37. Ne2 Qxa2 38. Nf4 Bxf4 39. Qxf4 Qa3 40. Bh3
Kg7 41. Qd4+ Kh6 42. Qh4+ Kg7 43. Qe7+ Kh6 44. Qf8+ 1-0

[Event "22. Copenhagen Open  (Politiken Cup)"]
[Site "Copenhagen"]
[Date "2000.07.19"]
[Round "3"]
[White "Schmied, Andreas"]
[Black "Bohlke, Christian"]
[Result "0-1"]
[WhiteElo "2155"]
[BlackElo "2052"]
[PlyCount "60"]
[EventDate "2000.07.17"]
[EventType "swiss"]
[EventRounds "11"]
[EventCountry "DEN"]
[SourceDate "2004.01.01"]

1. c4 e5 2. g3 f5 3. Bg2 Nf6 4. d4 exd4 5. Qxd4 Nc6 6. Qe3+ Be7 7. Nh3 O-O 8.
O-O b6 9. Nc3 Bb7 10. Nd5 Bc5 11. Qf4 Nd4 12. Qd2 Nxd5 13. cxd5 a5 14. Qd1 Nb5
15. d6 Bxg2 16. dxc7 Qxc7 17. Kxg2 Qb7+ 18. Kg1 d5 19. Nf4 Nc7 20. Qb3 Kh8 21.
Rd1 d4 22. Nd3 Qe4 23. Bf4 Nd5 24. Rd2 Rac8 25. Rc1 Rc6 26. Rdc2 h6 27. Ne5
Nxf4 28. gxf4 Rff6 29. Nxc6 Rg6+ 30. Kf1 Qh1# 0-1

[Event "22. Copenhagen Open  (Politiken Cup)"]
[Site "Copenhagen"]
[Date "2000.07.19"]
[Round "3"]
[White "Schultz Pedersen, Jesper"]
[Black "Hansen, Lars Bo"]
[Result "0-1"]
[WhiteElo "2215"]
[BlackElo "2562"]
[PlyCount "62"]
[EventDate "2000.07.17"]
[EventType "swiss"]
[EventRounds "11"]
[EventCountry "DEN"]
[SourceDate "2004.01.01"]

1. e4 e5 2. Nf3 Nc6 3. Bb5 a6 4. Bxc6 dxc6 5. b3 c5 6. Bb2 f6 7. Qe2 Be6 8. O-O
Bd6 9. c3 Ne7 10. d4 cxd4 11. cxd4 exd4 12. Nxd4 Bf7 13. Nd2 O-O 14. Nc4 Bc5
15. Rad1 Qe8 16. Kh1 Rd8 17. Na5 Bb6 18. Nc4 Bxd4 19. Bxd4 Qb5 20. Qg4 Ng6 21.
Ne3 Rd7 22. Nf5 Rfd8 23. Kg1 Kh8 24. Bb2 Be6 25. Rxd7 Rxd7 26. Rd1 $11 Bxf5 27.
exf5 Ne7 28. Re1 h6 29. h3 Qxf5 30. Qb4 c5 31. Qb6 Rd2 0-1

[Event "22. Copenhagen Open  (Politiken Cup)"]
[Site "Copenhagen"]
[Date "2000.07.19"]
[Round "3"]
[White "Schyberg, Brian"]
[Black "Petersen, Steffen"]
[Result "0-1"]
[WhiteElo "1924"]
[BlackElo "2121"]
[PlyCount "48"]
[EventDate "2000.07.17"]
[EventType "swiss"]
[EventRounds "11"]
[EventCountry "DEN"]
[SourceDate "2004.01.01"]

1. d4 e6 2. e4 d5 3. Be3 dxe4 4. Nd2 Nf6 5. f3 exf3 6. Ngxf3 Be7 7. Bd3 b6 8.
c3 Bb7 9. O-O Nbd7 10. Qe1 Nf8 11. Ne5 Qd5 12. Qg3 Ng6 13. Nxf7 O-O 14. Bxg6
hxg6 15. Ne5 Bd6 16. Ndf3 Ba6 17. Rfd1 Be2 18. Qxg6 Bxd1 19. Bh6 Ne8 20. Ng5
Bc2 21. Qxc2 Rf5 22. Rf1 Bxe5 23. Rxf5 exf5 24. Qxf5 Bxd4+ 0-1

[Event "22. Copenhagen Open  (Politiken Cup)"]
[Site "Copenhagen"]
[Date "2000.07.19"]
[Round "3"]
[White "Aabling Thomsen, Jakob"]
[Black "Henrichsen, Jens"]
[Result "1/2-1/2"]
[WhiteElo "1589"]
[BlackElo "2046"]
[PlyCount "39"]
[EventDate "2000.07.17"]
[EventType "swiss"]
[EventRounds "11"]
[EventCountry "DEN"]
[SourceDate "2004.01.01"]

1. d4 Nf6 2. c4 g6 3. Nc3 Bg7 4. e4 d6 5. Nf3 O-O 6. Be2 e5 7. dxe5 dxe5 8. O-O
Na6 9. Bg5 c6 10. Qxd8 Rxd8 11. Nxe5 Re8 12. Nf3 Nxe4 13. Nxe4 Rxe4 14. Bd3 Re8
15. Rae1 Bg4 16. b3 Nc5 17. Bb1 Ne6 18. Bh4 Bxf3 19. gxf3 a5 20. Rd1 1/2-1/2

[Event "22. Copenhagen Open  (Politiken Cup)"]
[Site "Copenhagen"]
[Date "2000.07.19"]
[Round "3"]
[White "Tornerup, John"]
[Black "Jensen, Dan Bronnum"]
[Result "1/2-1/2"]
[WhiteElo "2020"]
[BlackElo "1438"]
[PlyCount "125"]
[EventDate "2000.07.17"]
[EventType "swiss"]
[EventRounds "11"]
[EventCountry "DEN"]
[SourceDate "2004.01.01"]

1. e4 c5 2. Nf3 Nc6 3. d4 cxd4 4. Nxd4 Nf6 5. Nc3 e6 6. f4 Bb4 7. Nxc6 bxc6 8.
a3 Bxc3+ 9. bxc3 Nxe4 10. Qd4 Nf6 11. Be3 O-O 12. Rd1 d5 13. Bd3 Ng4 14. Bg1
Re8 15. h3 e5 16. fxe5 Nxe5 17. Be2 Qe7 18. Kf1 Bf5 19. Qd2 Be4 20. Bf2 Qxa3
21. Kg1 Rab8 22. Kh2 Qd6 23. Bg3 Qg6 24. Rb1 Rxb1 25. Rxb1 h6 26. Ra1 Nc4 27.
Bxc4 dxc4 28. Qd7 Qe6 29. Qd2 Ra8 30. Qd4 a5 31. Rxa5 Rxa5 32. Qd8+ Kh7 33.
Qxa5 Bd5 34. Qc5 Qe4 35. Qf2 f5 36. h4 g5 37. h5 f4 38. Qa7+ Kg8 39. Qb8+ Kf7
40. Qc7+ Ke6 41. Qc8+ Ke5 42. Qe8+ Kf5 43. Qxe4+ Bxe4 44. Bf2 Kg4 45. Bc5 Kxh5
46. Kg1 Bxc2 47. Bf8 Kg6 48. Kf2 Be4 49. g4 h5 50. gxh5+ Kxh5 51. Bd6 f3 52.
Kg3 Kg6 53. Bc5 Kf5 54. Be3 g4 55. Bd4 Bd5 56. Bc5 Be6 57. Bd6 Ke4 58. Kf2 Bd5
59. Bc7 Kd3 60. Be5 g3+ 61. Kxg3 Ke2 62. Bd4 Kd3 63. Kf2 1/2-1/2

[Event "22. Copenhagen Open  (Politiken Cup)"]
[Site "Copenhagen"]
[Date "2000.07.19"]
[Round "3"]
[White "Trarup, Jorgen"]
[Black "Rosenberg, Jan"]
[Result "0-1"]
[WhiteElo "1309"]
[BlackElo "1625"]
[PlyCount "88"]
[EventDate "2000.07.17"]
[EventType "swiss"]
[EventRounds "11"]
[EventCountry "DEN"]
[SourceDate "2004.01.01"]

1. e4 d5 2. exd5 Qxd5 3. Nc3 Qa5 4. Nf3 Nf6 5. h3 Bf5 6. Bc4 c6 7. O-O Nbd7 8.
Re1 e6 9. Nd4 O-O-O 10. Nb3 Qc7 11. a4 Nb6 12. Be2 Nbd5 13. Nxd5 Nxd5 14. Bf3
Nb4 15. Be4 Bg6 16. d3 f5 17. Bf3 e5 18. Bg5 Rd7 19. Qe2 Bd6 20. c3 Nxd3 21.
Qxd3 e4 22. Qe3 exf3 23. Qxf3 h6 24. Be3 Rhd8 25. a5 c5 26. a6 b6 27. Qa8+ Qb8
28. Qxb8+ Bxb8 29. g3 Bf7 30. Nc1 g5 31. Ne2 Bc4 32. b4 f4 33. gxf4 gxf4 34.
Nxf4 Rg8+ 35. Kh2 Rf7 36. bxc5 Bxf4+ 37. Bxf4 Rxf4 38. Rad1 Rxf2+ 39. Kh1 Bxa6
40. c6 Be2 41. Rxe2 Rxe2 42. Rd7 Rd8 43. Rg7 Rd1+ 44. Rg1 Rxg1+ 0-1

[Event "22. Copenhagen Open  (Politiken Cup)"]
[Site "Copenhagen"]
[Date "2000.07.19"]
[Round "3"]
[White "Ward, Christopher"]
[Black "Carstensen, Jacob"]
[Result "1-0"]
[WhiteElo "2508"]
[BlackElo "2254"]
[PlyCount "139"]
[EventDate "2000.07.17"]
[EventType "swiss"]
[EventRounds "11"]
[EventCountry "DEN"]
[SourceDate "2004.01.01"]

1. d4 Nf6 2. c4 e6 3. Nc3 Bb4 4. Qc2 d5 5. cxd5 Qxd5 6. e3 e5 7. Bd2 Qa5 8.
dxe5 Qxe5 9. a3 Bd6 10. Nf3 Qe7 11. Nb5 Nc6 12. Bc3 O-O 13. Nxd6 cxd6 14. Bd3
h6 15. O-O Nd5 16. Nd4 Nxc3 17. Qxc3 Nxd4 18. Qxd4 Qe5 19. Qb4 b6 20. Qe4 Qxe4
21. Bxe4 Rb8 22. Rfd1 Rd8 23. Rac1 Bb7 24. Bxb7 Rxb7 25. Rc6 Rbd7 26. Kf1 Kf8
27. Ke2 Ke7 28. Kd3 f5 29. Kd4 Rf8 30. Rdc1 Rf6 31. Rc8 Re6 32. R1c7 Re5 33.
Rxd7+ Kxd7 34. Ra8 Kc6 35. Rxa7 Rd5+ 36. Kc3 g5 37. Rh7 Rd1 38. Rxh6 Rf1 39. f3
Rf2 40. Rf6 Rxg2 41. Rxf5 Rxh2 42. b4 b5 43. Rxg5 Ra2 44. a4 Ra3+ 45. Kb2 Rxa4
46. Rg4 Ra8 47. Re4 Rh8 48. Kc3 Rh1 49. f4 Rc1+ 50. Kd2 Rb1 51. f5 d5 52. Rf4
Kd7 53. f6 Ke8 54. Kc3 Kf7 55. Rf5 Rc1+ 56. Kd3 Rc4 57. Rxd5 Rxb4 58. Rd6 Rb1
59. Ke4 Rh1 60. Rb6 Rh4+ 61. Kf5 Rh5+ 62. Kf4 b4 63. e4 Rh4+ 64. Ke5 Rh5+ 65.
Kd4 Rh1 66. e5 Rd1+ 67. Kc4 Rb1 68. Rb7+ Kg6 69. Rg7+ Kh6 70. Rg3 1-0

[Event "22. Copenhagen Open  (Politiken Cup)"]
[Site "Copenhagen"]
[Date "2000.07.19"]
[Round "3"]
[White "Wiman, Kenneth"]
[Black "Nielsen, Carsten Juul"]
[Result "1-0"]
[WhiteElo "1895"]
[BlackElo "2117"]
[PlyCount "93"]
[EventDate "2000.07.17"]
[EventType "swiss"]
[EventRounds "11"]
[EventCountry "DEN"]
[SourceDate "2004.01.01"]

1. e4 Nc6 2. Nf3 d6 3. d4 Nf6 4. Nc3 Bg4 5. Be3 a6 6. Be2 e6 7. O-O Be7 8. Qd2
O-O 9. Rad1 b5 10. a3 Qc8 11. Rfe1 Qb7 12. Ng5 Bxe2 13. Qxe2 h6 14. Nf3 Na5 15.
Bc1 Rfd8 16. d5 e5 17. Nh4 Nxd5 18. Nxd5 Bxh4 19. Qg4 Bg5 20. Bxg5 hxg5 21.
Qxg5 c6 22. Ne7+ Kf8 23. Nf5 f6 24. Qh5 Qf7 25. Qxf7+ Kxf7 26. Nxd6+ Ke6 27.
Nf5 g6 28. Ne3 Rd4 29. b4 Nb7 30. c3 Rxd1 31. Rxd1 a5 32. f3 axb4 33. axb4 Ra3
34. Rc1 Nd6 35. Kf2 f5 36. exf5+ gxf5 37. Rc2 f4 38. Nf1 e4 39. g3 Ke5 40. Ke2
Nf5 41. fxe4 f3+ 42. Kf2 Kxe4 43. g4 Kd3 44. Rd2+ Kxc3 45. gxf5 Kxb4 46. Ne3 c5
47. Nc2+ 1-0

[Event "22. Copenhagen Open  (Politiken Cup)"]
[Site "Copenhagen"]
[Date "2000.07.19"]
[Round "3"]
[White "Osttveit, Martin"]
[Black "Tolstrup, Thomas"]
[Result "1-0"]
[WhiteElo "2079"]
[BlackElo "1856"]
[PlyCount "51"]
[EventDate "2000.07.17"]
[EventType "swiss"]
[EventRounds "11"]
[EventCountry "DEN"]
[SourceDate "2004.01.01"]

1. e4 e6 2. d4 d5 3. e5 c5 4. c3 Nc6 5. Nf3 Bd7 6. Bd3 cxd4 7. cxd4 Qb6 8. O-O
Nxd4 9. Nxd4 Qxd4 10. Nc3 Qxe5 11. Re1 Qb8 12. Nxd5 Bd6 13. Qg4 Kf8 14. Bd2 h5
15. Qh3 Bc6 16. Ne3 Nf6 17. Bc3 Nd5 18. Nxd5 Bxd5 19. Be4 Bxe4 20. Rxe4 Rh7 21.
Rh4 g6 22. Rd1 Be7 23. Rhd4 a5 24. Rd7 b5 25. Qf3 b4 26. Bf6 1-0

[Event "22. Copenhagen Open  (Politiken Cup)"]
[Site "Copenhagen"]
[Date "2000.07.20"]
[Round "4"]
[White "Adamski, Jan"]
[Black "Romsdal, Trond"]
[Result "1/2-1/2"]
[WhiteElo "2381"]
[BlackElo "2222"]
[PlyCount "27"]
[EventDate "2000.07.17"]
[EventType "swiss"]
[EventRounds "11"]
[EventCountry "DEN"]
[SourceDate "2004.01.01"]

1. c4 Nf6 2. Nf3 g6 3. Nc3 d5 4. Qa4+ c6 5. cxd5 Nxd5 6. d4 Bg7 7. e4 Nxc3 8.
bxc3 O-O 9. Be2 c5 10. Be3 Nc6 11. O-O cxd4 12. cxd4 Bg4 13. Rad1 Qa5 14. Qxa5
1/2-1/2

[Event "22. Copenhagen Open  (Politiken Cup)"]
[Site "Copenhagen"]
[Date "2000.07.20"]
[Round "4"]
[White "Andersen, Rune"]
[Black "Rasmussen, Casper Dahl"]
[Result "0-1"]
[WhiteElo "2077"]
[BlackElo "2281"]
[PlyCount "76"]
[EventDate "2000.07.17"]
[EventType "swiss"]
[EventRounds "11"]
[EventCountry "DEN"]
[SourceDate "2004.01.01"]

1. d4 d5 2. c4 dxc4 3. e4 e5 4. Nf3 exd4 5. Bxc4 Nc6 6. O-O Be6 7. Bb5 Bc5 8.
Qc2 Bb6 9. Bxc6+ bxc6 10. Qxc6+ Bd7 11. Qc4 Be6 12. Qc6+ Bd7 13. Qc4 c5 14. Na3
Ne7 15. Bd2 O-O 16. Rfe1 Rc8 17. b3 Ba5 18. Qd3 Bxd2 19. Qxd2 Nc6 20. Nc4 a5
21. Rac1 Be6 22. Nce5 Nxe5 23. Nxe5 Re8 24. Nc4 Ra8 25. Nb2 Rc8 26. Nc4 a4 27.
bxa4 Rb8 28. a5 Rb4 29. Nb6 Qd6 30. a3 Rb3 31. a4 h6 32. Red1 Rd8 33. Qc2 d3
34. Qd2 Qd4 35. Rb1 Rxb1 36. Rxb1 c4 37. Rc1 c3 38. Qd1 d2 0-1

[Event "22. Copenhagen Open  (Politiken Cup)"]
[Site "Copenhagen"]
[Date "2000.07.20"]
[Round "4"]
[White "Andersen, Tom Juul"]
[Black "Maechel, Michael"]
[Result "1-0"]
[WhiteElo "2106"]
[BlackElo "1611"]
[PlyCount "127"]
[EventDate "2000.07.17"]
[EventType "swiss"]
[EventRounds "11"]
[EventCountry "DEN"]
[SourceDate "2004.01.01"]

1. d4 Nf6 2. Nf3 e6 3. g3 d5 4. Bg2 Be7 5. O-O O-O 6. c4 c6 7. Ne5 Nbd7 8. f4
c5 9. e3 Qb6 10. Nc3 cxd4 11. exd4 Nxe5 12. fxe5 Nd7 13. c5 Bxc5 14. dxc5 Qxc5+
15. Kh1 Nxe5 16. Bf4 Ng6 17. Rc1 Qe7 18. Be3 Bd7 19. Qb3 b6 20. Rce1 Rac8 21.
Bg1 Qd6 22. a4 h5 23. Qd1 h4 24. Ne4 Qb4 25. Ng5 f6 26. Nxe6 Bxe6 27. Rxe6 Qxb2
28. Bxd5 Rf7 29. Re2 Qc3 30. Rf3 Qc7 31. Qb3 h3 32. Rc3 Qxc3 33. Bxf7+ Kh7 34.
Qxc3 Rxc3 35. Be6 Ra3 36. Re4 Ne5 37. Bxh3 Ra1 38. Bg2 Nd3 39. Re2 f5 40. Bc6
Nc5 41. Kg2 Nxa4 42. Bd4 Ra3 43. Re7 Nc5 44. Bxg7 Kg6 45. h4 Kh5 46. Bf3+ Kg6
47. h5+ Kg5 48. h6 Ra2+ 49. Kh3 Nd3 50. Be2 Nf2+ 51. Kg2 Ne4 52. Rxe4 fxe4 53.
Kf2 Kg6 54. Ke3 a5 55. Bb5 Ra3+ 56. Kf4 Rf3+ 57. Kg4 Kh7 58. Bc6 Re3 59. Bd4
Rb3 60. Kh5 Rxg3 61. Bxe4+ Kg8 62. h7+ Kf7 63. Bd5+ Ke7 64. Kh4 1-0

[Event "22. Copenhagen Open  (Politiken Cup)"]
[Site "Copenhagen"]
[Date "2000.07.20"]
[Round "4"]
[White "Andreasen, Per Naesby"]
[Black "Greiff, Hkan"]
[Result "1/2-1/2"]
[WhiteElo "2293"]
[BlackElo "2284"]
[PlyCount "22"]
[EventDate "2000.07.17"]
[EventType "swiss"]
[EventRounds "11"]
[EventCountry "DEN"]
[SourceDate "2004.01.01"]

1. c4 e6 2. Nf3 d5 3. d4 Nf6 4. Bg5 Be7 5. Nc3 Nbd7 6. e3 O-O 7. Rc1 a6 8. cxd5
exd5 9. Bd3 c6 10. O-O Re8 11. Qc2 Nf8 1/2-1/2

[Event "22. Copenhagen Open  (Politiken Cup)"]
[Site "Copenhagen"]
[Date "2000.07.20"]
[Round "4"]
[White "Auchenberg, Per"]
[Black "Schultz Pedersen, Jesper"]
[Result "1/2-1/2"]
[WhiteElo "2006"]
[BlackElo "2215"]
[PlyCount "104"]
[EventDate "2000.07.17"]
[EventType "swiss"]
[EventRounds "11"]
[EventCountry "DEN"]
[SourceDate "2004.01.01"]

1. f4 d5 2. b3 Nc6 3. d4 Bf5 4. e3 e6 5. Nf3 Nf6 6. a3 Bd6 7. c4 Ne4 8. Bd3 h6
9. Qc2 O-O 10. O-O Re8 11. Nc3 Nxc3 12. Bxf5 exf5 13. Qxc3 Bf8 14. Bb2 Rc8 15.
Rfe1 Nb8 16. cxd5 Qxd5 17. Qc4 c6 18. Rac1 Rcd8 19. Ne5 Na6 20. Qxd5 Rxd5 21.
Kf2 Nc7 22. a4 Red8 23. Kf3 Ne8 24. Re2 Nf6 25. h3 Ne4 26. g4 Nd6 27. Ba3 fxg4+
28. hxg4 Nc8 29. Bxf8 Kxf8 30. Rec2 Ne7 31. b4 f6 32. Nd3 Kf7 33. Nc5 b6 34.
Ne4 h5 35. Nc3 hxg4+ 36. Kxg4 f5+ 37. Kf3 R5d6 38. Rh1 Rg6 39. Rch2 Ng8 40. Rg2
Rxg2 41. Kxg2 Nf6 42. Rc1 Ke6 43. b5 cxb5 44. Nxb5 Rd7 45. Kf3 g6 46. Rc6+ Ke7
47. Nc3 Kf7 48. d5 Nxd5 49. Nxd5 Rxd5 50. Rc7+ Ke6 51. Rxa7 Rd6 52. a5 bxa5
1/2-1/2

[Event "22. Copenhagen Open  (Politiken Cup)"]
[Site "Copenhagen"]
[Date "2000.07.20"]
[Round "4"]
[White "Bering, Anders"]
[Black "Hovmoller, Kristian"]
[Result "0-1"]
[WhiteElo "1943"]
[BlackElo "2170"]
[PlyCount "68"]
[EventDate "2000.07.17"]
[EventType "swiss"]
[EventRounds "11"]
[EventCountry "DEN"]
[SourceDate "2004.01.01"]

1. e4 c5 2. Nf3 d6 3. d4 cxd4 4. Qxd4 Nc6 5. Bb5 Bd7 6. Bxc6 Bxc6 7. c4 f5 8.
Be3 fxe4 9. Ng5 e5 10. Qd1 Nf6 11. Nc3 h6 12. Ne6 Qd7 13. Nd5 Kf7 14. Nec7 Nxd5
15. Nxd5 Be7 16. O-O Rhf8 17. f3 exf3 18. Qxf3+ Kg8 19. Qg3 Kh7 20. Rxf8 Rxf8
21. Bxa7 Kh8 22. Be3 Bxd5 23. cxd5 Qb5 24. Qg6 Qxb2 25. Rf1 Rxf1+ 26. Kxf1 Qa1+
27. Kf2 Qxa2+ 28. Kf1 Bf6 29. Bxh6 Qxd5 30. Bc1 Qb5+ 31. Ke1 Kg8 32. Ba3 Qc6
33. Kf2 d5 34. g4 Bh4+ 0-1

[Event "22. Copenhagen Open  (Politiken Cup)"]
[Site "Copenhagen"]
[Date "2000.07.20"]
[Round "4"]
[White "Bogdanov, Dimitri"]
[Black "Bekker Jensen, David"]
[Result "0-1"]
[WhiteElo "2093"]
[BlackElo "2320"]
[PlyCount "78"]
[EventDate "2000.07.17"]
[EventType "swiss"]
[EventRounds "11"]
[EventCountry "DEN"]
[SourceDate "2004.01.01"]

1. e4 c5 2. Nc3 Nc6 3. f4 g6 4. Nf3 Bg7 5. Bb5 Nd4 6. O-O Nxb5 7. Nxb5 d5 8. e5
a6 9. Nc3 d4 10. Ne4 Qd5 11. d3 Nh6 12. c4 dxc3 13. Nxc3 Qd8 14. h3 Nf5 15. Ne4
b6 16. Qe2 O-O 17. g4 Nd4 18. Nxd4 Qxd4+ 19. Be3 Qd5 20. Nc3 Qd7 21. d4 Bb7 22.
Rfd1 Rad8 23. dxc5 Qc6 24. cxb6 g5 25. Rxd8 Rxd8 26. Rd1 Rxd1+ 27. Nxd1 gxf4
28. Bxf4 Qxb6+ 29. Ne3 Qd4 30. Qh2 e6 31. g5 Qe4 32. Kf2 Bf8 33. Kg3 Bb4 34.
Qf2 Bc5 35. a3 a5 36. Kg4 Bd4 37. Qg3 Bxe5 38. b3 Bd6 39. Nc4 Qf5+ 0-1

[Event "22. Copenhagen Open  (Politiken Cup)"]
[Site "Copenhagen"]
[Date "2000.07.20"]
[Round "4"]
[White "Brinck Claussen, Bjorn"]
[Black "Nielsen, Morten"]
[Result "1-0"]
[WhiteElo "2359"]
[BlackElo "2094"]
[PlyCount "49"]
[EventDate "2000.07.17"]
[EventType "swiss"]
[EventRounds "11"]
[EventCountry "DEN"]
[SourceDate "2004.01.01"]

1. e4 Nf6 2. e5 Nd5 3. d4 d6 4. Nf3 Bg4 5. Be2 c6 6. O-O Bxf3 7. Bxf3 dxe5 8.
dxe5 e6 9. Nd2 Nd7 10. Nc4 N7b6 11. Qe2 Qc7 12. Re1 O-O-O 13. a4 h6 14. a5 Nxc4
15. Qxc4 Bb4 16. c3 Bxa5 17. b4 Bb6 18. Qb3 c5 19. bxc5 Bxc5 20. Ba3 Bxa3 21.
Rxa3 Kb8 22. Rea1 b6 23. c4 Qxe5 24. cxd5 exd5 25. Rxa7 1-0

[Event "22. Copenhagen Open  (Politiken Cup)"]
[Site "Copenhagen"]
[Date "2000.07.20"]
[Round "4"]
[White "Brynell, Stellan"]
[Black "Christensen, Jan N"]
[Result "1-0"]
[WhiteElo "2484"]
[BlackElo "2139"]
[PlyCount "62"]
[EventDate "2000.07.17"]
[EventType "swiss"]
[EventRounds "11"]
[EventCountry "DEN"]
[SourceDate "2004.01.01"]

1. e4 e5 2. Nf3 Nc6 3. Bb5 Bc5 4. O-O Nd4 5. Nxd4 Bxd4 6. c3 Bb6 7. d4 c6 8.
Ba4 d6 9. d5 Ne7 10. dxc6 bxc6 11. Qe2 O-O 12. Na3 Qc7 13. Be3 Be6 14. Rfe1 Ng6
15. Nc4 f5 16. Bb3 Bxe3 17. Qxe3 Qe7 18. Rad1 Rad8 19. Na5 Bxb3 20. axb3 Qd7
21. Nc4 f4 22. Qf3 Rf6 23. Rd3 Qe7 24. Qh5 f3 25. g3 Rdf8 26. Kh1 Qd7 27. Ree3
Nh4 28. Qxh4 Rh6 29. Nxe5 Qe6 30. Qg4 Qxe5 31. Rxf3 Re8 1-0

[Event "22. Copenhagen Open  (Politiken Cup)"]
[Site "Copenhagen"]
[Date "2000.07.20"]
[Round "4"]
[White "Brondum, Jan Kraul"]
[Black "Christensen, Verner"]
[Result "0-1"]
[WhiteElo "1452"]
[BlackElo "1761"]
[PlyCount "79"]
[EventDate "2000.07.17"]
[EventType "swiss"]
[EventRounds "11"]
[EventCountry "DEN"]
[SourceDate "2004.01.01"]

1. e4 e5 2. Nf3 Nc6 3. Bb5 f5 4. exf5 e4 5. Bxc6 dxc6 6. Ne5 Qd4 7. Ng4 Bxf5 8.
Ne3 Bg6 9. Nc3 Nf6 10. Ne2 Qd7 11. b3 O-O-O 12. Bb2 Bc5 13. Ng3 h5 14. h4 Rdf8
15. Qe2 Nd5 16. O-O-O Nf4 17. Qc4 Qe7 18. Kb1 Rf7 19. Rdf1 Rd8 20. Rd1 Nd5 21.
Qe2 Bb4 22. Nc4 Nf4 23. Qf1 Rd5 24. a3 $11 Bc5 25. Ne3 Rd8 26. Ka2 Bd4 27. Bxd4
Rxd4 28. Ne2 Rd8 29. Nc3 Qf6 30. Qc4 Rd4 31. Qf1 Ne6 32. Ne2 Rd8 33. f4 exf3
34. gxf3 Qxf3 35. Qe1 Qf2 36. Nc4 Qxe1 37. Rhxe1 Bxc2 38. Rc1 Bh7 39. Nc3 Nc5
40. Re3 0-1